000 00468nam a22001937a 4500
003 CEME
005 20210628202651.0
008 210122b xxu||||| |||| 00| 0 eng d
020 _a007-125408-0
040 _c.
082 _a629.1323 AND
100 _aAnderson, John .D
_91520
245 _aFundamentals of aerodynamics
250 _a4TH
260 _aNEW YORK
_bMCGRAW HILL
_c2007
300 _aXXIV,1008 P
650 _aAERODYNAMICS
_92589
942 _cBK
_2ddc
999 _c570572
_d570572